Choose the Right TV Character Quiz Stats

 Plays Quiz Updated May 28, 2018

Score 0/15 Timer 04:00
8 Plays Today
Question Answer Wrong Answers
Chandler Bing, Friends
(Matthew Perry)
Friends
97.2%
Studio 60 on the Sunset Strip
1.2%
Go On
0.8%
The Odd Couple
0.8%
James T. Kirk, Star Trek
(William Shatner)
Star Trek
96%
T. J. Hooker
1.2%
Boston Legal
0.5%
$h*! My Dad Says
0.4%
Sam Malone, Cheers
(Ted Danson)
Cheers
92.7%
CSI: Crime Scene Investigation
1.2%
The Good Place
2.1%
Becker
2.9%
Peggy Bundy, Married... with Children
(Katey Sagal)
Married... with Children
88.9%
8 Simple Rules
6.5%
Futurama
0.7%
Sons of Anarchy
1.5%
Hal Wilkerson, Malcolm in the Middle
(Bryan Cranston)
Malcolm in the Middle
85.4%
Seinfeld
7.5%
Breaking Bad
1.1%
Loving
4.5%
Debra Barone, Everybody Loves Raymond
(Patricia Heaton)
Everybody Loves Raymond
85.4%
Room for Two
2.9%
Back to You
7.5%
The Middle
3%
Hank Moody, Californication
(David Duchovny)
Californication
83.9%
The X-Files
3.7%
Aquarius
5.8%
Twin Peaks
4%
Raymond 'Red' Reddington, The Blacklist
(James Spader)
The Blacklist
79.9%
Seinfeld
2.3%
The Office
7.6%
Boston Legal
7.7%
Charles Ingalls, Little House on the Prairie
(Michael Landon)
Little House on the Prairie
75.4%
Bonanza
7.1%
Highway to Heaven
4.7%
The Rifleman
9.8%
Mike Flaherty, Spin City
(Michael J. Fox)
Spin City
73.3%
Family Ties
4.1%
The Michael J. Fox Show
9.9%
The Good Wife
9.9%
Hank Kingsley, The Larry Sanders Show
(Jeffrey Tambor)
The Larry Sanders Show
67.6%
Hill Street Blues
14.4%
Arrested Development
9.9%
Transparent
4.7%
Sam Beckett, Quantum Leap
(Scott Bakula)
Quantum Leap
61.9%
Men of a Certain Age
8.1%
NCIS: New Orleans
7.5%
Star Trek: Enterprise
20.4%
Jack Gallo, Just Shoot Me!
(George Segal)
Just Shoot Me!
59.6%
The Goldbergs
11.6%
Retired at 35
20.6%
Jonny Quest
4.8%
Lisa Miller, NewsRadio
(Maura Tierney)
NewsRadio
52.6%
The Whole Truth
16.2%
ER
13.8%
The Affair
14.1%
Sara Tancredi, Prison Break
(Sarah Wayne Callies)
Prison Break
33.2%
Tarzan
17.1%
The Walking Dead
14.6%
Colony
32.6%

You're not logged in!

Compare scores with friends on all Sporcle quizzes.
OR
Log In

Sporcle TV

Today on Sporcle TV


Watch our educational content, quiz creation guides, and fun videos on Sporcle TV.

Show Comments

Extras

Top Quizzes Today


Score Distribution

Your Account Isn't Verified!

In order to create a playlist on Sporcle, you need to verify the email address you used during registration. Go to your Sporcle Settings to finish the process.

Report this User

Report this user for behavior that violates our Community Guidelines.

Details: